Historia de la Inquisición española / (Record no. 89928)

MARC details
000 -LEADER
campo de control de longitud fija 00823nam a2200241 i 4500
001 - NÚMERO DE CONTROL
campo de control 89928
003 - IDENTIFICADOR DE NÚMERO DE CONTROL
campo de control ES-MaACL
005 - FECHA Y HORA DE LA ÚLTIMA TRANSACCIÓN
campo de control 20230906180314.0
007 - CAMPO FIJO DE DESCRIPCIÓN FÍSICA--INFORMACIÓN GENERAL
campo de control de longitud fija t|
008 - DATOS DE LONGITUD FIJA--INFORMACIÓN GENERAL
campo de control de longitud fija 050117s1983 sp ||||1| spa d
020 ## - NÚMERO INTERNACIONAL ESTÁNDAR DEL LIBRO
Número Internacional Estándar del Libro 84-7392-902-3
100 1# - ENTRADA PRINCIPAL--NOMBRE DE PERSONA
Nombre de persona Lea, Henry Charles.
9 (RLIN) 70943
245 10 - MENCIÓN DEL TÍTULO
Título Historia de la Inquisición española /
Mención de responsabilidad, etc. Henry Charles Lea ; traducción, Angel Alcalá y Jesús Tobío ; edición y prólogos Angel Alcalá.
260 ## - PUBLICACIÓN, DISTRIBUCIÓN, ETC.
Lugar de publicación, distribución, etc. Madrid :
Nombre del editor, distribuidor, etc. Fundación Universitaria Española,
Fecha de publicación, distribución, etc. 1983.
300 ## - DESCRIPCIÓN FÍSICA
Extensión 3 v. ;
Dimensiones 23 cm.
490 1# - MENCIÓN DE SERIE
Mención de serie Biblioteca de hispanismo ;
Designación de volumen o secuencia 7
500 ## - NOTA GENERAL
Nota general Indice.
700 1# - ENTRADA AGREGADA--NOMBRE PERSONAL
Nombre de persona Alcalá Galve, Ángel.
9 (RLIN) 19463
700 1# - ENTRADA AGREGADA--NOMBRE PERSONAL
Nombre de persona Tobio Fernández, Jesús.
9 (RLIN) 211385
830 0# - PUNTO DE ACCESO ADICIONAL DE SERIE-TÍTULO UNIFORME
Título uniforme Biblioteca de hispanismo ;
Designación de volumen o secuencia 7
9 (RLIN) 231919
852 ## - LOCALIZACIÓN
Ubicación ES-MaACL
Número de control de estantería L-8946-8
Sublocalización o colección R.110706
Holdings
Estatus retirado Estado de pérdida Estado de daño No para préstamo Biblioteca de origen Biblioteca actual Ubicación en estantería Fecha de adquisición Fuente de adquisición Total de préstamos Signatura topográfica completa Código de barras Visto por última vez Precio de reemplazo Tipo de ítem Koha
        Biblioteca del Ateneo de Madrid Biblioteca del Ateneo de Madrid Depósito 2 17/01/2008     L-8946-8 1093912 23/02/2023 23/02/2023 Libro impreso